000 00775nam0a22002531 4500
001 rc\2772029
005 20250806210718.0
035 _a(NLR Aleph) 006898393
090 _a27710
_c27710
100 _a20110915d1941 u y0rusy50 ca
101 0 _arus
102 _aRU
105 _aa z |||||
200 1 _aЗаразные кожные болезни
_fПроф. Э. И. Иоффе
210 _aСталинград
_cОбл. кн-во
_d1941
215 _a33, [3] с.
_cил.
_d15 см.
700 1 _aИоффе
_bЭ.И.
_gЭрза Израилевич
801 0 _aRU
_bNLR
_gpsbo
801 1 _aRU
_bELAR
_2rusmarc
852 _aNLR
_jМд60 Г-2/7
942 _cBOOK
945 _aРоссийская национальная библиотека
980 _aNB
980 _aBV